00937nas a2200241Ia 4500001001600000003001000016008004100026040002500067041001200092100001700104210002200121222002200143240011700165245011700282250001100399260000900410501012300419300001600542362003000558500006600588650002300654700001800677A07/R086-35829 IT-MiCISF161014c99999999xx |||||||||||| ||und|| aIT-MiCISFcIT-MiCISF aINGLESE aAkiba Etsuko aMedicina e morale aMedicina e morale aBioethical Considerations on the Japanese Law and Government Reports on Human Cloning. The Embryo and the Genome 0aBioethical Considerations on the Japanese Law and Government Reports on Human Cloning. The Embryo and the Genome a1a ed. c2002 bCISF - Centro Internazionale Studi Famiglia - Via Giotto, 36 20145 MILANO (non commercial uses only)cCopyright 2016 app. 229-245 an. 2, marzo-aprile [2002] a Tema: bioetica, legislazione, clonazione, embrione, genetica aBIOETICAvarticolo a Serra Angelo